000 01050nam a2200217 a 4500
008 160505s2005 ||||||||||||||||| || u
020 _a9781841693590
050 _aBF 311 Eys
100 _aEysenck, Michael W
245 1 0 _aCognitive psychology: a student's handbook. (5th ed.)
_cBy Michael W. Eysenck and Mark T. Keane
250 _a5th ed.
260 _aHove:
_bPsychology Press
_c2005
300 _aix, 646p.: ill.
350 _a55.00
650 _aCOGNITION--TEXTBOOKS
650 _aCOGNITIVE PSYCHOLOGY--TEXTBOOKS
700 _aKeane, Mark T
995 _aMAIN LIBRARY OPEN ACCESS
_e745697
_FCBU-MAIN LIBRARY (Kitwe)
_I55.00
_jBF 311 Eys
_M1
_UAVAILABLE
_WMay 6, 2016
_y745697
_ZMain Library Open Access Collection
995 _aMAIN LIBRARY OPEN ACCESS
_e746270
_FCBU-MAIN LIBRARY (Kitwe)
_I55.00
_jBF 311 Eys
_M3
_UAVAILABLE
_WAug 16, 2016
_y746270
_ZMain Library Open Access Collection
995 _aMAIN LIBRARY OPEN ACCESS
_e746187
_FCBU-MAIN LIBRARY (Kitwe)
_I55.00
_jBF 311 Eys
_M2
_UAVAILABLE
_WMay 13, 2016
_y746187
_ZMain Library Open Access Collection
999 _c79440
_d79440